| 000 | 00518nam a2200169 i 4500 | ||
|---|---|---|---|
| 001 | 53159 | ||
| 003 | ES-MaACL | ||
| 005 | 20251003164939.0 | ||
| 007 | t| | ||
| 008 | 031013s1862 fr ||||1| fre d | ||
| 100 | 1 |
_aDugué, Ferdinand. _945935 |
|
| 245 | 1 | 3 |
_aLa bouquetière des innocents _b: drame en cinq actes / _cpar Anicet Bourgeois et Ferdinand Dugué. |
| 260 |
_aParis : _bLevy, _c1862. |
||
| 700 | 1 |
_aAnicet Bourgeois, Auguste, _d1806-1871 _930979 |
|
| 852 |
_aES-MaACL _jT-733-F-1 |
||
| 999 |
_c53159 _d53159 |
||